| 000 | 00559nam a2200169 a 4500 | ||
|---|---|---|---|
| 001 | 000045023 | ||
| 005 | 20201002045819.0 | ||
| 008 | 150129s2007 dr a 000 0 spa d | ||
| 040 |
_aDO-SdBNP _bspa _cBNPHU |
||
| 082 |
_axxxx _bxxxx |
||
| 100 | 1 |
_aGarcía, Ana Esther _973028 |
|
| 245 | 1 | 0 |
_a¡A jugar ajedrez! / _cAna Esther García. |
| 250 | _a3a ed. ampliada y corregida | ||
| 260 |
_aSanto Domingo : _b[s. n.], _c2007. |
||
| 300 |
_aix, 110 p. : _bil., retrs. ; _c27 cm. |
||
| 500 | _aIncluye datos biográficos de la autora en la solapa de la contracubierta | ||
| 999 |
_c44512 _d44512 |
||